Rozpoznaj miasto po zdjęciu - Statystyki

Ogólne statystyki
  • Ten quiz został rozwiązany 411 razy
  • Średni wynik to 13 z 16
Statystyki odpowiedzi
Obrazkowy Odpowiedź % Poprawnych
Kraków
98%
Warszawa
98%
Gdańsk
97%
Wrocław
93%
Poznań
92%
Katowice
91%
Gdynia
87%
Łódź
83%
Szczecin
81%
Toruń
80%
Bydgoszcz
75%
Lublin
74%
Rzeszów
74%
Częstochowa
60%
Zamość
60%
Bielsko-Biała
12%
Nie znaleziono quizów pasujących do podanych kryteriów
Rozkład punktacji
Procent ludzi z każdym wynikiem
Percentyl według liczby udzielonych odpowiedzi
Twoja historia wyników
Nie rozwiązałeś tego quizu